|
|
|
|
| LEADER |
00000nam a2200000 i 4500 |
| 001 |
1/29142 |
| 008 |
021112q19952000 gre d |
| 035 |
|
|
|l 10068745
|
| 040 |
|
|
|a GR-MY-UA
|b gre
|e aacr
|
| 041 |
0 |
|
|a gre
|
| 082 |
0 |
|
|a 808.0681
|
| 100 |
1 |
|
|a Κολίση-Χατζηκώστα, Κλεοφίλης.
|
| 245 |
1 |
3 |
|a Τα ποιήματα και τα τραγούδια του δημοτικού σχολείου /
|c Κλεοφίλης Κολίση-Χατζηκώστα ; εικονογράφηση Σπύρος Μέλλος
|
| 260 |
|
|
|a [χ.τ.] :
|b [χ.ό.],
|c [199-?]
|
| 300 |
|
|
|a 238 σ.
|
| 650 |
0 |
0 |
|a Children's poetry, Greek (Modern)
|
| 700 |
1 |
|
|a Μέλλος, Σπύρος.
|4 ill
|
| 852 |
|
|
|a INST
|b RHODES
|e 20021112
|h 808.0681 ΚΟΛ
|p 005400016094
|q 005400016094
|t BK
|y 0
|
| 901 |
|
|
|a BIBL4-2003-1
|
| 909 |
|
|
|a Ρ
|b 101441
|
| 922 |
|
|
|a 4ΕΛΗ
|b 200210
|c ΒΙΒΛΙΟΘΗΚΗ
|d ΔΕΝΤΡΟ
|
| 950 |
|
|
|a 094-2002-10-05
|
| 970 |
|
|
|a ΚΟΥΛΑΚΙΟΤΗ
|b ΛΙΤΣΑ
|z 2003/01/20
|